Building defects diagnosis by infrared thermography (Record no. 118404)
[ view plain ]
| 000 -LEADER | |
|---|---|
| fixed length control field | 01363cam a2200241 4500 |
| 001 - CONTROL NUMBER | |
| control field | ABS68495 |
| 008 - FIXED-LENGTH DATA ELEMENTS--GENERAL INFORMATION | |
| fixed length control field | 041203n2004 000 0 eng u |
| 035 ## - SYSTEM CONTROL NUMBER | |
| System control number | (Sirsi) u128194 |
| 100 ## - MAIN ENTRY--PERSONAL NAME | |
| Personal name | Lo, T. |
| 245 ## - TITLE STATEMENT | |
| Title | Building defects diagnosis by infrared thermography |
| 260 ## - PUBLICATION, DISTRIBUTION, ETC. | |
| Date of publication, distribution, etc. | 2004 |
| 490 ## - SERIES STATEMENT | |
| Series statement | Structural Survey |
| Volume/sequential designation | 22(5) 2004, 259-263(5) |
| 520 ## - SUMMARY, ETC. | |
| Summary, etc. | The application of infrared thermography has provided a reliable and accurate assessment method for the inspection of buildings and structures. The principle of the infrared thermography technique is the detection of energy by an infrared scanner and mapping the temperature contours over the surface of a target object to provide an appropriate measure of the damaged building or structure. Paper reviews the background of infrared thermography and the factors influencing the infrared imaging. The applicability of infrared thermography in two particular situations is considered, the delamination of external wall finishes and a roofing system condition survey. Tables and references. (Taken from journal abstract). |
| 590 ## - LOCAL NOTE (RLIN) | |
| Local note | ABS |
| 590 ## - LOCAL NOTE (RLIN) | |
| Local note | ABS |
| 650 ## - SUBJECT ADDED ENTRY--TOPICAL TERM | |
| Topical term or geographic name entry element | INFRA-RED THERMOGRAPHY |
| 650 ## - SUBJECT ADDED ENTRY--TOPICAL TERM | |
| Topical term or geographic name entry element | BUILDING INSPECTIONS |
| 650 ## - SUBJECT ADDED ENTRY--TOPICAL TERM | |
| Topical term or geographic name entry element | BUILDING DEFECTS |
| 650 ## - SUBJECT ADDED ENTRY--TOPICAL TERM | |
| Topical term or geographic name entry element | NON-DESTRUCTIVE TESTING |
| 690 ## - LOCAL SUBJECT ADDED ENTRY--TOPICAL TERM (OCLC, RLIN) | |
| Topical term or geographic name as entry element | BUILDING AND CONSTRUCTION-DEFECTS AND FAILURES |
| 700 ## - ADDED ENTRY--PERSONAL NAME | |
| Personal name | Choi, K. |
| 942 ## - ADDED ENTRY ELEMENTS (KOHA) | |
| Suppress in OPAC | 0 |
| Withdrawn status | Lost status | Source of classification or shelving scheme | Damaged status | Not for loan | Home library | Current library | Shelving location | Date acquired | Total Checkouts | Full call number | Barcode | Date last seen | Copy number | Price effective from | Koha item type |
|---|---|---|---|---|---|---|---|---|---|---|---|---|---|---|---|
| Dewey Decimal Classification | London | London | Journal article | 03/12/2004 | ABS68495 | 128194-1001 | 06/08/2019 | 1 | 06/08/2019 | Journal article |